Statistics for Languages of Indian States

Click here to take the quiz!

General Stats

  • This quiz has been taken 351 times
    (124 since last reset)
  • The average score is 24 of 35

Answer Stats

State/UTLanguage% Correct
GujaratGujarati
90%
West BengalBengali
89%
PunjabPunjabi
88%
Tamil NaduTamil
86%
RajasthanHindi/Rajasthani
84%
MaharashtraMarathi
83%
ChandigarhHindi/Punjabi
83%
KarnatakaKannada
81%
TelanganaTelugu
81%
Andhra PradeshTelugu
80%
HaryanaHindi
78%
ChhattisgarhHindi
78%
Uttar PradeshHindi
77%
KeralaMalayalam
77%
Dadra & Nagar HaveliHindi/Gujarati
76%
BiharHindi
76%
Madhya PradeshHindi
76%
AssamAssamese
75%
UttarakhandHindi
73%
Andaman & Nicobar IslandsBengali/Hindi
73%
JharkhandHindi
73%
Himachal PradeshHindi
73%
Jammu and KashmirKashmiri
72%
ManipurManipuri
69%
OdishaOdia
69%
PuducherryTamil
69%
GoaKonkani
53%
Daman & DiuGujarati
52%
LakshadweepMalayalam
45%
NagalandNaga
42%
TripuraBengali
39%
MizoramMizo
36%
SikkimNepali
35%
MeghalayaKhasi
25%
Arunachal PradeshNyishi
17%

Score Distribution

Percentile by Number Answered

Percent of People with Each Score

Your Score History

You have not taken this quiz since the last reset